駅メモのオリジナルでんこ - Statistics

General Stats
  • This quiz has been taken 85 times
    40 since last reset
  • The average score is 70 of 133
Answer Stats
Answer % Correct
新阪ルナ
93%
為栗メロ
89%
美深ふぶ
85%
黄陽セリア
78%
恋浜みろく
78%
天下さや
78%
象潟いろは
78%
新居浜いずな
74%
橿原らら
74%
海部なる
74%
黄陽レイカ
70%
花畑もえ
70%
粟生津しいら
70%
ニャッシュ
70%
ダッチュー
70%
木古内さいか
70%
作草部マコ
70%
大雄山るり
70%
王子しぐれ
67%
新百合ほこね
67%
作草部チコ
67%
新居浜ありす
67%
神居コタン
67%
蓮台寺ミオ
67%
尺土るる
67%
羽貫ミユ
67%
蓮台寺ナギサ
67%
新百合うらら
63%
京橋リオナ
63%
南郷にちな
63%
坂出アサ
63%
本宿ひまり
63%
角館あけひ
63%
高岡やまと
63%
所沢にこ
63%
シャルロッテ=フォン=ハノーファー
59%
有栖川もぼ
59%
鹿沼りんご
59%
美唄イムラ
59%
丸地にころ
59%
美談みこと
59%
倶利伽羅しおり
59%
根雨つむぎ
59%
蛍茶屋みなも
59%
品川めぐる
59%
蓮台寺ミナト
59%
荻窪アヤ
59%
大月シーナ
56%
碇ヶ関ひいる
56%
美談くに
56%
白鳥ハル
56%
青砥そら
56%
小鳥谷スピカ
56%
浦佐ノア
56%
白浜マリン
56%
妹尾まりか
56%
八日市ゆかり
56%
横浜みちる
56%
汀良いちほ
52%
巽レン
52%
阿佐ヶ谷カノン
52%
黒崎あたる
52%
三条なつめ
52%
勿来メイ
52%
岩国みづほ
52%
深遊ちとせ
52%
上ノ山ゆのか
52%
天王寺たまき
52%
岩切よしの
52%
七尾こうめ
52%
徳島ると
52%
苔縄やちよ
48%
八雲レーノ
48%
敷島ヒメギ
48%
友荷なより
48%
リト=フォン=シュトゥットガルト
48%
唐津シズ
48%
汐入みそら
48%
牧之郷あい
48%
指宿おとめ
48%
恋山形ちづ
48%
八戸ましろ
48%
砂田橋あきら
48%
五所川原べにか
48%
東海なな
48%
賢島エリア
44%
豊栄なほ
44%
嵯峨野もみじ
44%
窪川まぜ
44%
中津コヨイ
44%
那珂湊ねも
44%
信楽くろがね
44%
観音町ひめ
44%
江ノ島ナツミ
44%
下灘いよ
44%
茅沼みゆき
44%
糸魚川せつか
44%
新田野なのか
44%
新藤原ぼたん
44%
諫早ちどり
44%
千旦あずさ
44%
越美きらら
44%
八潮みらい
41%
神畑いおり
41%
湯前ひびき
41%
阿下喜ニナ
41%
鮎川ひな
41%
新鶴まふゆ
41%
北府ゆめの
41%
勝山ていら
41%
青森せいらん
41%
小浜まい
41%
青海川しゅか
41%
白兎ももな
41%
勝田ミキ
41%
総天ギンカ
37%
美々津あさひ
37%
田原町つばさ
37%
駒ヶ林シキネ
37%
調布みずか
37%
ベアトリス=ファン=ライツェ
33%
七耀みつる
33%
桂みやび
33%
安来あまね
33%
樽見あゆ
33%
竹原せとら
33%
郡元ゆう
30%
二見浦みえ
30%
白川あそ
30%
諸星すばる
26%
下新ゆき
26%
小涌谷あすか
26%
生駒わかな
26%
No matching quizzes found
Score Distribution
Percent of People with Each Score
Percentile by Number Answered
Your Score History
You have not taken this quiz since the last reset